书目信息 |
| 题名: |
化学学科进展
|
|
| 作者: | 张礼和 主编 | |
| 分册: | ||
| 出版信息: | 北京 化学工业出版社 2005 |
|
| 页数: | 430页 | |
| 开本: | 24cm | |
| 丛书名: | 化学进展丛书 | |
| 单 册: | ||
| 中图分类: | O6-1 | |
| 科图分类: | ||
| 主题词: | 化学 , 化学--进展 | |
| 电子资源: | ||
| ISBN: | 7-5025-7366-6 | |
| 000 | 00864oam2 2200277 450 | |
| 001 | 002955434 | |
| 005 | 20061101150743.15 | |
| 010 | @a7-5025-7366-6@b精装@dCNY65.00 | |
| 100 | @a20050119d2005 em y0chiy0110 ea | |
| 101 | 0 | @achi |
| 102 | @aCN@b110000 | |
| 105 | @ay z 000yy | |
| 200 | 1 | @a化学学科进展@9hua xue xue ke jin zhan@f张礼和主编 |
| 210 | @a北京@c化学工业出版社@d2005 | |
| 215 | @a430页@d24cm | |
| 225 | 2 | @a化学进展丛书 |
| 300 | @a“十五”国家重点图书 | |
| 330 | @a本书从不同视野阐述了化学科学及其分支学科的研究现状和进展,并对化学科学的未来发展方向、前沿、趋势和挑战进行了展望。 | |
| 461 | 0 | @12001 @a化学进展丛书 |
| 510 | 1 | @aAdvances in Chemical Science@zeng |
| 606 | 0 | @a化学 |
| 606 | 0 | @a化学@x进展 |
| 690 | @aO6-1@v4 | |
| 701 | 0 | @a张礼和@9zhang li he@f(1937~)@4主编 |
| 801 | 0 | @aCN@bNLC@c20061101 |
| 905 | @a10447@dO6-1@e360 | |
| 化学学科进展/张礼和主编.-北京:化学工业出版社,2005 |
| 430页;24cm.-(化学进展丛书) |
| “十五”国家重点图书 |
| ISBN 7-5025-7366-6(精装):CNY65.00 |
| 本书从不同视野阐述了化学科学及其分支学科的研究现状和进展,并对化学科学的未来发展方向、前沿、趋势和挑战进行了展望。 |
| ● |
| 相关链接 |
|
|
|
|
正题名:化学学科进展
索取号:O6-1/360
 
预约/预借
| 序号 | 登录号 | 条形码 | 馆藏地/架位号 | 状态 | 备注 |
| 1 | 0386950 | 203869509 | 第二样本阅览室/ [索取号:O6-1/360] | 在馆 |